000 01924cam a22005054i 4500
003 PE-LiUPU
005 20250731172851.0
008 130806s2013 miu r 001 0 eng d
020 _a0801048710
020 _a9780801048715
035 _a(Sirsi) i9780801048715
040 _aDLC
_bspa
_erda
_cDLC
_dYDX
_dYDXCP
_dBDX
_dKAT
_dOCLCF
_dABF
_dDEBBG
_dXPQ
_dMNJ
_dBMS
_dCDX
_dZCU
_dOCLCQ
_dPE-LiUPU
049 _aPRUA
050 0 0 _aBS2315
_b.P67 2013
082 0 0 _a225.486
_bP78
_223
100 1 _aPorter, Stanley E.,
_d1956- ,
_eautor.
245 1 0 _aHow we got the New Testament :
_btext, transmission, translation /
_cStanley E. Porter.
264 1 _aGrand Rapids, Michigan :
_bBaker Academic, a division of Baker Publishing Group,
_c[2013]
300 _axviii, 222 páginas ;
_c22 centímetros.
336 _atext
_2rdacontent
337 _avolume
_2rdacarrier
337 _aunmediated
_2rdamedia
490 0 _aAcadia studies in Bible and theology
504 _aÍndice : páginas 214-222.
505 0 _aThe text of the New Testament -- The transmission of the New Testament -- The translation of the New Testament.
526 _aSEG42
526 _aSEG41
526 _aSEG40
526 _aSEG39
526 _aP94
526 _aP87
526 _aP86
526 _aP85
526 _aP77
526 _aP76
526 _aP35
630 0 0 _aBiblia.
_pNuevo Testamento
_xHistoria.
910 _ajck
_bjck
_cjck
_d20160609
942 _2ddc
_cBOOK
949 _a225.486 P78
_wDEWEY
_c1
_i73524
_lCATALOGING
_mBUL
_p14.40
_r0
_sY
_tBOOK
_u2016-06-09
_xPOSGRADO
_PP85
_0COMPRA
_o.STAFF. Posgrado
994 _aC0
_bPEPRU
596 _a1
999 _a225.486 P78
_wDEWEY
_c9854
_i73524
_d9854
_e2017-8-22
_f2021-11-9
_g5
_lCCODEBUL1
_mBUL
_n2
_p14.40
_q1
_r0
_sY
_tBOOK
_u2016-6-9
_xTEOLOGIA
_PP85
_0COMPRA
_o.STAFF. Posgrado
980 _81
_gALBERTO SANCHEZ Responsable de Automatización